• 首页
  • 本馆介绍
  • 公告通知
  • 最新文献
  • 馆藏检索
  • 电子资源
  • 读者导购
  • 参考咨询
  • 我的图书馆
  • 登录
  • 详细信息显示
  • 放入我的书架
  • 预约/预借图书
  • 作者相关作品
  • 分类相关作品
  • 丛书相关作品
  • 出版社相关作品

书目信息

  • 表格格式
  • 工作单格式
  • 卡片格式
题名:
罗尔斯
    
 
作者: 库卡塔斯 , 佩迪特 著 ;姚建宗 , 高申春 译
分册:  
出版信息: 哈尔滨   黑龙江人民出版社  2002
页数: 229页
开本: 20cm
丛书名: 当代世界前沿思想家丛书
单 册:
中图分类: B712.59
科图分类:
主题词:
电子资源:
ISBN: 7-207-04227-2
000 00916nam0 2200277 45
001 0312161464
005 20031219104123.1
010    @a7-207-04227-2@dCNY15.50
100    @a20031216d2002 km y0chiy0120 ea
101 0  @achi@ceng
105    @a z 000yy
200 1  @a罗尔斯@ALuo Er Si@f(澳)乔德兰·库卡塔斯,菲利普·佩迪特著@F(Ao)Qiao De Lan·Ku Ka Ta Si,Fei Li Pu·Pei Di Te Zhu@g姚建宗,高申春译
210    @a哈尔滨@c黑龙江人民出版社@d2002
215    @a229页@d20cm
225    @a当代世界前沿思想家丛书@f姚大志主编
410    @12001 @a当代世界前沿思想家丛书
410    @1700 0@a姚大志@AYao Da Zhi@4主编
600  0 @a罗尔斯@bJ.@x生平事迹
600  0 @a罗尔斯@bJ.@x哲学思想@x研究
690    @aB712.59@v4
701  0 @a库卡塔斯@4著
701  0 @a佩迪特@4著
702  0 @a姚建宗@AYao Jian Zong@4译
702  0 @a高申春@AGao Shen Chun@4译
801    @aCN@bTSTC@c20031216
905    @b330245-249@dB712.59@e18@f5
    
    罗尔斯/(澳)乔德兰·库卡塔斯,菲利普·佩迪特著/姚建宗,高申春译.-哈尔滨:黑龙江人民出版社,2002
    229页;20cm.-(当代世界前沿思想家丛书/姚大志主编)
    
    
    ISBN 7-207-04227-2:CNY15.50
    
●
相关链接 在E读中查询图书 在五车中查询图书 在当当中查询图书 在豆瓣中查询图书


正题名:罗尔斯     索取号:B712.59/18         预约/预借

序号 登录号 条形码 馆藏地/架位号 状态 备注
1 0330245   203302452   第一借阅区/ [索取号:B712.59/18] 在馆    
2 0330246   203302461   第一借阅区/ [索取号:B712.59/18] 在馆    
3 0330247   203302470   第一借阅区/ [索取号:B712.59/18] 在馆    
4 0330248   203302489   第一借阅区/ [索取号:B712.59/18] 在馆    
5 0330249   203302498   第一样本阅览室/ [索取号:B712.59/18] 在馆    
唐山师范学院图书馆 欢迎您!
大连网信软件有限公司© 版权所有